000 00343nam a2200133Ia 4500
008 220204s9999 xx 000 0 und d
082 _a631.45
_bTIS
100 _aNelson, Werner L
245 0 _aSoil fertility and fertilizers
260 _aNew York
_bMacmillan
_c1975
650 _aSoil fertility
700 _aTisdale, Samuel L
942 _cBK
999 _c27316
_d27316